Talk of the nation

Detalles Bibliográficos
Formato: Electrónico Seriadas
Publicado: [S.l.] : National Public Radio
Materias:
Acceso en línea:Full text available from Research Library: 10/04/2004 to 06/27/2013

MARC

LEADER 00000nas a22000003u 4500
001 ssj0000943624
003 WaSeSS
005 20200512172242.0
006 m d
007 cr n
008 200512uuuuuuuuu||||| |ss|||||| ||||||d
035 |a (WaSeSS)ssj0000943624 
040 |a WaSeSS  |c WaSeSS  |d WaSeSS 
245 0 0 |a Talk of the nation  |h [electronic resource]. 
260 |a [S.l.] :  |b National Public Radio 
500 |a Title from content provider. 
506 |a License restrictions may limit access. 
655 0 |a Electronic journals. 
856 4 0 |z Full text available from Research Library: 10/04/2004 to 06/27/2013  |u https://search.proquest.com/publication/43489